=LDR 00000nam 2200000 4500 =001 INLIS000000000809588 =008 ###################################ind## =035 ##$$a 0010-0825000081 =245 ##$$a Sumber Energi Penghasil Listrik / $c Raharjo =260 ##$$b Pustaka Utama =020 ##$$a 9799415564764 =084 ##$$a 640 RAH s =520 ##$$a Teknik listrik, elektronik, elektromagnetik, komputer =082 ##$$a 640